[Event "Bundesliga 9900"]
[Site "Deutschland"]
[Date "1999.12.12"]
[Round "6.5"]
[White "Pezerovic, Edin"]
[Black "Georgiev, Vladimir"]
[Result "1/2-1/2"]
[WhiteElo "2447"]
[BlackElo "2519"]
[PlyCount "27"]
[EventDate "1999.10.09"]
[EventType "team"]
[EventRounds "15"]
[EventCountry "GER"]
[SourceTitle "Bundesliga 9900"]
[Source "DeepChess"]
[SourceDate "2005.01.01"]
[SourceVersion "1"]
[SourceVersionDate "2005.01.01"]
[SourceQuality "1"]
[WhiteTeam "TV Tegernsee"]
[BlackTeam "USC Magdeburg"]
[WhiteTeamCountry "GER"]
[BlackTeamCountry "GER"]

1. Nf3 d6 2. d4 Nf6 3. c3 Nbd7 4. Nbd2 e5 5. e4 Be7 6. Bc4 O-O 7. O-O c6 8. Re1
b5 9. Bb3 Bb7 10. Nf1 c5 11. Ng3 c4 12. Bc2 Re8 13. a4 a6 14. b4 1/2-1/2

[Event "Bundesliga 9900"]
[Site "Deutschland"]
[Date "1999.12.12"]
[Round "6.6"]
[White "Proehl, Holger"]
[Black "Kachiani Gersinska, Ketino"]
[Result "1/2-1/2"]
[WhiteElo "2389"]
[BlackElo "2427"]
[PlyCount "32"]
[EventDate "1999.10.09"]
[EventType "team"]
[EventRounds "15"]
[EventCountry "GER"]
[SourceTitle "Bundesliga 9900"]
[Source "DeepChess"]
[SourceDate "2005.01.01"]
[SourceVersion "1"]
[SourceVersionDate "2005.01.01"]
[SourceQuality "1"]
[WhiteTeam "USC Magdeburg"]
[BlackTeam "TV Tegernsee"]
[WhiteTeamCountry "GER"]
[BlackTeamCountry "GER"]

1. e4 c6 2. d4 d5 3. Nd2 dxe4 4. Nxe4 Bf5 5. Ng3 Bg6 6. Nf3 Nf6 7. Bd3 e6 8.
O-O Bd6 9. Re1 O-O 10. c3 Nbd7 11. Bxg6 hxg6 12. Qe2 Re8 13. Ne5 Qc7 14. Bg5 c5
15. Rad1 cxd4 16. Nxd7 Nxd7 1/2-1/2

[Event "Bundesliga 9900"]
[Site "Deutschland"]
[Date "1999.12.12"]
[Round "6.7"]
[White "Klundt, Klaus"]
[Black "Stolz, Mike"]
[Result "1/2-1/2"]
[WhiteElo "2407"]
[BlackElo "2308"]
[PlyCount "59"]
[EventDate "1999.10.09"]
[EventType "team"]
[EventRounds "15"]
[EventCountry "GER"]
[SourceTitle "Bundesliga 9900"]
[Source "DeepChess"]
[SourceDate "2005.01.01"]
[SourceVersion "1"]
[SourceVersionDate "2005.01.01"]
[SourceQuality "1"]
[WhiteTeam "TV Tegernsee"]
[BlackTeam "USC Magdeburg"]
[WhiteTeamCountry "GER"]
[BlackTeamCountry "GER"]

1. e4 e6 2. d4 d5 3. Nd2 Nf6 4. e5 Nfd7 5. f4 c5 6. c3 cxd4 7. cxd4 Nc6 8. Ndf3
Qb6 9. g3 g5 10. fxg5 Bb4+ 11. Kf2 Ndxe5 12. Nxe5 Nxe5 13. Kg2 Nc6 14. Nf3 Bf8
15. b3 Bg7 16. Bb2 Bd7 17. Be2 Ne7 18. Re1 Rc8 19. Bd3 Bb5 20. Ba3 Nc6 21. Bc5
Qa6 22. Bxb5 Qxb5 23. a4 Qa5 24. Rc1 Qd8 25. Qd3 Qd7 26. h4 Kd8 27. Rc2 h6 28.
Rf2 Rc7 29. Ba3 Kc8 30. Ne5 1/2-1/2

[Event "Bundesliga 9900"]
[Site "Deutschland"]
[Date "1999.12.12"]
[Round "6.8"]
[White "Markgraf, Alexander"]
[Black "Bromberger, Stefan"]
[Result "1/2-1/2"]
[WhiteElo "2258"]
[BlackElo "2279"]
[PlyCount "56"]
[EventDate "1999.10.09"]
[EventType "team"]
[EventRounds "15"]
[EventCountry "GER"]
[SourceTitle "Bundesliga 9900"]
[Source "DeepChess"]
[SourceDate "2005.01.01"]
[SourceVersion "1"]
[SourceVersionDate "2005.01.01"]
[SourceQuality "1"]
[WhiteTeam "USC Magdeburg"]
[BlackTeam "TV Tegernsee"]
[WhiteTeamCountry "GER"]
[BlackTeamCountry "GER"]

1. e4 c5 2. Nf3 d6 3. d4 cxd4 4. Nxd4 Nf6 5. Nc3 g6 6. Be3 Bg7 7. f3 O-O 8. Qd2
Nc6 9. O-O-O d5 10. Kb1 Nxd4 11. e5 Nf5 12. exf6 Bxf6 13. Nxd5 Qxd5 14. Qxd5
Nxe3 15. Qd3 Nxd1 16. Qxd1 Be6 17. Bd3 Rfd8 18. Qe2 Rd4 19. Re1 Rb4 20. b3 a5
21. Qd2 Rd4 22. Re4 Rd5 23. Qe1 Bf5 24. Rxe7 Bxe7 25. Qxe7 Rd7 26. Qe3 Bxd3 27.
cxd3 a4 28. b4 Rc7 1/2-1/2

[Event "Bundesliga 9900"]
[Site "Deutschland"]
[Date "2000.01.08"]
[Round "7.1"]
[White "Hracek, Zbynek"]
[Black "Agdestein, Simen"]
[Result "0-1"]
[WhiteElo "2620"]
[BlackElo "2588"]
[PlyCount "119"]
[EventDate "1999.10.09"]
[EventType "team"]
[EventRounds "15"]
[EventCountry "GER"]
[SourceTitle "Bundesliga 9900"]
[Source "DeepChess"]
[SourceDate "2005.01.01"]
[SourceVersion "1"]
[SourceVersionDate "2005.01.01"]
[SourceQuality "1"]
[WhiteTeam "SAbt SV Werder Bremen"]
[BlackTeam "Delmenhorster SK 1931"]
[WhiteTeamCountry "GER"]
[BlackTeamCountry "GER"]

1. e4 e6 2. d4 d5 3. Nc3 Bb4 4. e5 c5 5. a3 Bxc3+ 6. bxc3 Qc7 7. Qg4 f5 8. Qh5+
g6 9. Qd1 b6 10. Nf3 h6 11. h4 Ba6 12. Bxa6 Nxa6 13. Qd3 c4 14. Qd2 O-O-O 15.
a4 Ne7 16. Ke2 Nc6 17. Ba3 Rdg8 18. Bd6 Qd8 19. Rag1 Nc7 20. g4 Ne8 21. Ba3 Qd7
22. g5 hxg5 23. Nxg5 Kb7 24. Nf3 Rg7 25. Ra1 Ka8 26. Rhg1 Qd8 27. Rg5 Qd7 28.
Qc1 Nc7 29. Rg3 a5 30. Bd6 Ka7 31. Bxc7 Qxc7 32. Qa3 Nd8 33. Rag1 Qf7 34. Rb1
Qe8 35. Rb5 Rb7 36. Qc1 Rh5 37. Qg1 Rg7 38. Rg5 Rxg5 39. Qxg5 Ka6 40. h5 Qg8
41. h6 Rh7 42. Rb1 Qe8 43. Rh1 Qxa4 44. Qxd8 Qxc2+ 45. Kf1 Qe4 46. Rh3 Rxh6 47.
Rxh6 Qxf3 48. Qc8+ Kb5 49. Qe8+ Ka6 50. Qa8+ Kb5 51. Qe8+ Ka6 52. Qxg6 Qxc3 53.
Kg2 Qxd4 54. Qg3 Qe4+ 55. Kh2 c3 56. Rxe6 c2 57. Rc6 d4 58. Qg6 Kb5 59. Rxb6+
Kc4 60. Rc6+ 0-1

[Event "Bundesliga 9900"]
[Site "Deutschland"]
[Date "2000.01.08"]
[Round "7.4"]
[White "Conquest, Stuart"]
[Black "Knaak, Rainer"]
[Result "0-1"]
[WhiteElo "2563"]
[BlackElo "2505"]
[PlyCount "138"]
[EventDate "1999.10.09"]
[EventType "team"]
[EventRounds "15"]
[EventCountry "GER"]
[SourceTitle "Bundesliga 9900"]
[Source "DeepChess"]
[SourceDate "2005.01.01"]
[SourceVersion "1"]
[SourceVersionDate "2005.01.01"]
[SourceQuality "1"]
[WhiteTeam "Delmenhorster SK 1931"]
[BlackTeam "SAbt SV Werder Bremen"]
[WhiteTeamCountry "GER"]
[BlackTeamCountry "GER"]

1. Nf3 e6 2. g3 d5 3. Bg2 Nd7 4. d3 Ngf6 5. O-O c6 6. Bf4 Bc5 7. c4 dxc4 8.
dxc4 Qe7 9. Qc2 e5 10. Bd2 O-O 11. Nc3 Re8 12. Rad1 Nb6 13. Nh4 Nxc4 14. Bg5
Nd6 15. Ne4 Ndxe4 16. Bxe4 Bb6 17. Bxh7+ Kh8 18. Bf5 Be6 19. e3 Kg8 20. b3 a5
21. Bxe6 Qxe6 22. Bxf6 Qxf6 23. Rd7 Re7 24. Rfd1 e4 25. R1d6 Qe5 26. Qc4 Kf8
27. a4 Rae8 28. Ng2 Rxd7 29. Rxd7 Qa1+ 30. Qf1 Qxf1+ 31. Kxf1 Re7 32. Rd2 Re5
33. h4 Ke7 34. Nf4 Bc7 35. Ne2 Bd6 36. g4 Rd5 37. Nd4 Kf6 38. Ke2 Be5 39. Nf5
g6 40. Nd4 Rc5 41. g5+ Ke7 42. Rb2 Kd6 43. b4 Rc4 44. bxa5 Kc7 45. Ra2 Bxd4 46.
exd4 Rxd4 47. Ra3 Rb4 48. f3 Kd6 49. Kf2 c5 50. fxe4 Rxe4 51. Rf3 Re7 52. Rf6+
Kd5 53. a6 bxa6 54. Rxa6 c4 55. Ra8 c3 56. Rc8 Kd4 57. Kf3 Re5 58. Rc7 Rc5 59.
Rd7+ Ke5 60. Re7+ Kd5 61. Rd7+ Ke5 62. Re7+ Kf5 63. Re1 Rc4 64. a5 Rxh4 65. Ra1
c2 66. Ke3 Ra4 67. Rg1 Rxa5 68. Kd2 c1=Q+ 69. Rxc1 Kxg5 0-1

[Event "Bundesliga 9900"]
[Site "Deutschland"]
[Date "2000.01.08"]
[Round "7.5"]
[White "Schandorff, Lars"]
[Black "Gisbrecht, Ewgeni"]
[Result "1-0"]
[WhiteElo "2511"]
[BlackElo "2422"]
[PlyCount "87"]
[EventDate "1999.10.09"]
[EventType "team"]
[EventRounds "15"]
[EventCountry "GER"]
[SourceTitle "Bundesliga 9900"]
[Source "DeepChess"]
[SourceDate "2005.01.01"]
[SourceVersion "1"]
[SourceVersionDate "2005.01.01"]
[SourceQuality "1"]
[WhiteTeam "SAbt SV Werder Bremen"]
[BlackTeam "Delmenhorster SK 1931"]
[WhiteTeamCountry "GER"]
[BlackTeamCountry "GER"]

1. d4 d5 2. c4 c6 3. Nc3 Nf6 4. e3 a6 5. Qc2 b5 6. b3 Bg4 7. Nge2 e6 8. Ng3
Nbd7 9. h3 Bh5 10. Nxh5 Nxh5 11. Be2 Nhf6 12. O-O Be7 13. Bd3 Nb6 14. c5 Nbd7
15. f4 g6 16. g4 Ng8 17. e4 dxe4 18. Bxe4 Rc8 19. Be3 Ngf6 20. Bg2 O-O 21. f5
exf5 22. gxf5 Nh5 23. Rad1 Bg5 24. Bxg5 Qxg5 25. Ne4 Qh6 26. Nd6 Rc7 27. Qd2
Qxd2 28. Rxd2 Ndf6 29. Kh2 g5 30. Bf3 Nf4 31. Rg1 h6 32. h4 Nh7 33. Ne4 f6 34.
Nd6 Kh8 35. Re1 gxh4 36. Re4 Nd5 37. Rxh4 Kg7 38. Bxd5 cxd5 39. Re2 Ng5 40.
Ne8+ Rxe8 41. Rxe8 Nf3+ 42. Kg3 Nxh4 43. Kxh4 Rd7 44. Re6 1-0

[Event "Bundesliga 9900"]
[Site "Deutschland"]
[Date "2000.01.08"]
[Round "7.6"]
[White "Lauber, Arnd"]
[Black "Heissler, Jakob"]
[Result "1-0"]
[WhiteElo "2416"]
[BlackElo "2447"]
[PlyCount "105"]
[EventDate "1999.10.09"]
[EventType "team"]
[EventRounds "15"]
[EventCountry "GER"]
[SourceTitle "Bundesliga 9900"]
[Source "DeepChess"]
[SourceDate "2005.01.01"]
[SourceVersion "1"]
[SourceVersionDate "2005.01.01"]
[SourceQuality "1"]
[WhiteTeam "Delmenhorster SK 1931"]
[BlackTeam "SAbt SV Werder Bremen"]
[WhiteTeamCountry "GER"]
[BlackTeamCountry "GER"]

1. d4 Nf6 2. c4 g6 3. Nc3 Bg7 4. e4 d6 5. Nf3 O-O 6. Be2 e5 7. O-O Nc6 8. d5
Ne7 9. b4 a5 10. Ba3 Nd7 11. bxa5 Rxa5 12. Bb4 Ra8 13. a4 Bh6 14. Nd2 f5 15.
Bf3 Kh8 16. a5 Ng8 17. Nb3 Ngf6 18. c5 fxe4 19. Bxe4 Nxe4 20. Nxe4 Nf6 21. Nxf6
Qxf6 22. cxd6 cxd6 23. Nd2 Qf4 24. Qb3 Bg4 25. Rae1 Rfd8 26. Ne4 Bf8 27. Bd2
Qf7 28. f4 Bf5 29. fxe5 dxe5 30. g4 Rxd5 31. gxf5 gxf5 32. Rxf5 Qd7 33. Qf3 Bg7
34. Be3 Rg8 35. Kh1 Rxa5 36. Ng5 h6 37. Nf7+ Kh7 38. Nxh6 Rf8 39. Rxf8 Bxf8 40.
Qe4+ Kh8 41. Rf1 Bg7 42. Nf7+ Kg8 43. Ng5 Qd5 44. Qxd5+ Rxd5 45. Ne6 Rd6 46.
Nxg7 Kxg7 47. Rb1 Rd3 48. Rxb7+ Kg6 49. Bf2 e4 50. Kg2 Kf5 51. Bg3 Rd2+ 52. Kf1
e3 53. Re7 1-0

[Event "Bundesliga 9900"]
[Site "Deutschland"]
[Date "2000.01.08"]
[Round "7.7"]
[White "Meins, Gerlef"]
[Black "Borik, Otto"]
[Result "1-0"]
[WhiteElo "2414"]
[BlackElo "2416"]
[PlyCount "65"]
[EventDate "1999.10.09"]
[EventType "team"]
[EventRounds "15"]
[EventCountry "GER"]
[SourceTitle "Bundesliga 9900"]
[Source "DeepChess"]
[SourceDate "2005.01.01"]
[SourceVersion "1"]
[SourceVersionDate "2005.01.01"]
[SourceQuality "1"]
[WhiteTeam "SAbt SV Werder Bremen"]
[BlackTeam "Delmenhorster SK 1931"]
[WhiteTeamCountry "GER"]
[BlackTeamCountry "GER"]

1. d4 d5 2. Nf3 c6 3. c4 e6 4. Qc2 Nf6 5. g3 Nbd7 6. Bg2 Be7 7. O-O O-O 8. Rd1
b6 9. b3 Bb7 10. Nc3 Rc8 11. e4 c5 12. exd5 exd5 13. Bb2 dxc4 14. d5 Ne8 15.
Nb5 cxb3 16. axb3 a6 17. Na7 Bf6 18. Nxc8 Qxc8 19. Bh3 Qc7 20. Nd2 Bxb2 21.
Qxb2 Ndf6 22. Nc4 Nxd5 23. Qe5 Qxe5 24. Nxe5 Nef6 25. Bg2 Re8 26. Nc4 Re6 27.
Ne3 Nxe3 28. Rd8+ Ne8 29. Bxb7 Nc2 30. Rxa6 Nd4 31. Rxb6 Re1+ 32. Kg2 Kf8 33.
Bc6 1-0

[Event "Bundesliga 9900"]
[Site "Deutschland"]
[Date "2000.01.08"]
[Round "7.8"]
[White "Beckemeier, Werner"]
[Black "Meyer, Claus Dieter"]
[Result "1-0"]
[WhiteElo "2374"]
[BlackElo "2313"]
[PlyCount "31"]
[EventDate "1999.10.09"]
[EventType "team"]
[EventRounds "15"]
[EventCountry "GER"]
[SourceTitle "Bundesliga 9900"]
[Source "DeepChess"]
[SourceDate "2005.01.01"]
[SourceVersion "1"]
[SourceVersionDate "2005.01.01"]
[SourceQuality "1"]
[WhiteTeam "Delmenhorster SK 1931"]
[BlackTeam "SAbt SV Werder Bremen"]
[WhiteTeamCountry "GER"]
[BlackTeamCountry "GER"]

1. e4 d5 2. exd5 Qxd5 3. Nc3 Qa5 4. d4 Nf6 5. Nf3 c6 6. Bc4 Bf5 7. Bd2 e6 8.
Qe2 Bb4 9. a3 O-O 10. Ne5 Nd5 11. Bxd5 Bxc3 12. Bxc3 Qxd5 13. O-O-O f6 14. Nc4
Nd7 15. Ne3 Qa2 16. Kd2 1-0

[Event "Bundesliga 9900"]
[Site "Deutschland"]
[Date "2000.01.08"]
[Round "7"]
[White "Almasi, Zoltan"]
[Black "Kindermann, Stefan"]
[Result "1-0"]
[WhiteElo "2676"]
[BlackElo "2528"]
[PlyCount "97"]
[EventDate "1999.10.09"]
[EventType "team"]
[EventRounds "15"]
[EventCountry "GER"]
[SourceTitle "Bundesliga 9900"]
[Source "DeepChess"]
[SourceDate "2005.01.01"]
[SourceVersion "1"]
[SourceVersionDate "2005.01.01"]
[SourceQuality "1"]
[WhiteTeam "Dresdner SC 1898"]
[BlackTeam "SK Koenig Plauen"]
[WhiteTeamCountry "GER"]
[BlackTeamCountry "GER"]

1. e4 e6 2. d4 d5 3. Nd2 c5 4. exd5 Qxd5 5. Ngf3 cxd4 6. Bc4 Qd6 7. O-O Nf6 8.
Nb3 Nc6 9. Nbxd4 Nxd4 10. Nxd4 a6 11. Re1 Qc7 12. Bb3 Bd7 13. Qf3 Bd6 14. h3
O-O-O 15. Bg5 Qc5 16. Be3 Qe5 17. g3 Qe4 18. Rad1 Bc6 19. Qxe4 Bxe4 20. f3 Bg6
21. Ne2 h6 22. Kg2 Bc7 23. c4 Rxd1 24. Rxd1 Rd8 25. Rxd8+ Kxd8 26. Bd4 e5 27.
Be3 Ba5 28. c5 Nd7 29. a3 Nb8 30. Bd5 Nc6 31. b4 Bc7 32. g4 h5 33. Ng3 hxg4 34.
fxg4 Kc8 35. Nf5 Bxf5 36. gxf5 f6 37. Kf3 Ne7 38. Be4 Bd8 39. Kg4 Kc7 40. Bd2
Kc8 41. h4 b5 42. Kh5 Kc7 43. Be3 Kc8 44. Bh6 gxh6 45. Kxh6 Kc7 46. h5 Nxf5+
47. Bxf5 e4 48. Kg6 e3 49. Bd3 1-0

[Event "Bundesliga 9900"]
[Site "Deutschland"]
[Date "2000.01.08"]
[Round "7"]
[White "Boensch, Uwe"]
[Black "Hackel, Mario"]
[Result "1-0"]
[WhiteElo "2547"]
[BlackElo "2353"]
[PlyCount "125"]
[EventDate "1999.10.09"]
[EventType "team"]
[EventRounds "15"]
[EventCountry "GER"]
[SourceTitle "Bundesliga 9900"]
[Source "DeepChess"]
[SourceDate "2005.01.01"]
[SourceVersion "1"]
[SourceVersionDate "2005.01.01"]
[SourceQuality "1"]
[WhiteTeam "Dresdner SC 1898"]
[BlackTeam "SK Koenig Plauen"]
[WhiteTeamCountry "GER"]
[BlackTeamCountry "GER"]

1. d4 Nf6 2. c4 e6 3. Nf3 Bb4+ 4. Bd2 a5 5. g3 d5 6. Bg2 dxc4 7. O-O Nc6 8. Bg5
h6 9. Bxf6 Qxf6 10. Nc3 O-O 11. Nb5 Rd8 12. a3 Bc5 13. e3 e5 14. Nxc7 Rb8 15.
Nxe5 Nxe5 16. Nd5 Qa6 17. dxe5 Be6 18. e4 Qa7 19. Rc1 b5 20. Rc2 Bd4 21. Qh5
Kh7 22. Nf4 Qc5 23. Nxe6 fxe6 24. Bh3 Rb6 25. Kh1 Qxe5 26. Qe2 Bc5 27. f4 Qd4
28. e5 g6 29. a4 bxa4 30. Rxc4 Qe3 31. Qxe3 Bxe3 32. Rc2 Rd2 33. Rxd2 Bxd2 34.
Ra1 Rxb2 35. Bxe6 Rb4 36. Rd1 Bc3 37. Rd7+ Kh8 38. Rd8+ Kh7 39. Rd7+ Kh8 40.
Rc7 Bd4 41. Bd5 a3 42. e6 Rb8 43. Kg2 Bf6 44. Rf7 Bd4 45. Kf3 Bc5 46. Rc7 Bb4
47. Ke4 Re8 48. Ke5 Re7 49. Rc8+ Kg7 50. g4 Ra7 51. h4 g5 52. fxg5 hxg5 53. h5
Be7 54. Re8 a4 55. Kf5 Rc7 56. h6+ Kxh6 57. Rxe7 Rxe7 58. Kf6 Re8 59. e7 Rb8
60. Kf7 a2 61. Bxa2 Rb7 62. Kf8 Rxe7 63. Kxe7 1-0

[Event "Bundesliga 9900"]
[Site "Deutschland"]
[Date "2000.01.08"]
[Round "7"]
[White "Espig, Lutz"]
[Black "Tischbierek, Raj"]
[Result "1-0"]
[WhiteElo "2402"]
[BlackElo "2526"]
[PlyCount "85"]
[EventDate "1999.10.09"]
[EventType "team"]
[EventRounds "15"]
[EventCountry "GER"]
[SourceTitle "Bundesliga 9900"]
[Source "DeepChess"]
[SourceDate "2005.01.01"]
[SourceVersion "1"]
[SourceVersionDate "2005.01.01"]
[SourceQuality "1"]
[WhiteTeam "SK Koenig Plauen"]
[BlackTeam "Dresdner SC 1898"]
[WhiteTeamCountry "GER"]
[BlackTeamCountry "GER"]

1. Nf3 d5 2. b3 Bg4 3. Bb2 Nd7 4. g3 Bxf3 5. exf3 Ngf6 6. f4 e6 7. Bg2 g6 8. d3
Bg7 9. Nd2 c5 10. O-O O-O 11. Nf3 d4 12. c3 dxc3 13. Bxc3 Rc8 14. Rc1 b5 15.
Qe2 Nb6 16. Ne5 Nfd5 17. Ba1 Qe7 18. Rfd1 Rfd8 19. Bb2 Rc7 20. h4 h5 21. Rd2
Rdc8 22. Ba3 Qe8 23. d4 c4 24. Bd6 Rb7 25. bxc4 Bxe5 26. fxe5 Rxc4 27. Rdc2 Rd7
28. Bc5 Rd8 29. Be4 Rxc2 30. Rxc2 Na4 31. Qd2 Nxc5 32. Rxc5 Nb6 33. Bc6 Qe7 34.
Rxb5 Qa3 35. Be4 Nc4 36. Qh6 Qe7 37. Rb7 Rd7 38. Rb8+ Rd8 39. Rb7 Rd7 40. Rb8+
Rd8 41. Bxg6 fxg6 42. Qxg6+ Kf8 43. Qh6+ 1-0

[Event "Bundesliga 9900"]
[Site "Deutschland"]
[Date "2000.01.08"]
[Round "7"]
[White "Maiwald, Jens Uwe"]
[Black "Haskamp, Stephan"]
[Result "1-0"]
[WhiteElo "2524"]
[BlackElo "2297"]
[PlyCount "93"]
[EventDate "1999.10.09"]
[EventType "team"]
[EventRounds "15"]
[EventCountry "GER"]
[SourceTitle "Bundesliga 9900"]
[Source "DeepChess"]
[SourceDate "2005.01.01"]
[SourceVersion "1"]
[SourceVersionDate "2005.01.01"]
[SourceQuality "1"]
[WhiteTeam "Dresdner SC 1898"]
[BlackTeam "SK Koenig Plauen"]
[WhiteTeamCountry "GER"]
[BlackTeamCountry "GER"]

1. e4 g6 2. d4 Bg7 3. Nf3 d6 4. c3 Nd7 5. Bd3 e5 6. O-O Ngf6 7. Re1 O-O 8. Bg5
h6 9. Bh4 b6 10. Nbd2 Bb7 11. Qc2 Re8 12. Rad1 a6 13. b4 Qe7 14. Qb3 Qf8 15. a4
Nh5 16. b5 Nf4 17. Bc4 a5 18. Bg3 Nh5 19. Nh4 Bf6 20. Nxg6 Qg7 21. Nh4 Nxg3 22.
hxg3 Bxh4 23. gxh4 Nf6 24. Re3 Nh5 25. Nf1 Re7 26. Ng3 Nf4 27. dxe5 Rxe5 28.
Bxf7+ Kh8 29. Rde1 Rf8 30. Bd5 Bc8 31. c4 Qg4 32. Qd1 Qxh4 33. Nf5 Bxf5 34.
exf5 Rfxf5 35. Rxe5 dxe5 36. Bf3 Rg5 37. Qd8+ Kg7 38. Qxc7+ Kh8 39. Qb8+ Kg7
40. Qc7+ Kh8 41. Qxb6 Rg8 42. Qe3 Rg5 43. Rd1 Rg7 44. Be4 Rg4 45. g3 Nh3+ 46.
Kh2 Qh5 47. Rd8+ 1-0

[Event "Bundesliga 9900"]
[Site "Deutschland"]
[Date "2000.01.08"]
[Round "7"]
[White "Pfretzschner, Roland"]
[Black "Goldberg, Alexander"]
[Result "1-0"]
[WhiteElo "2274"]
[BlackElo "2398"]
[PlyCount "101"]
[EventDate "1999.10.09"]
[EventType "team"]
[EventRounds "15"]
[EventCountry "GER"]
[SourceTitle "Bundesliga 9900"]
[Source "DeepChess"]
[SourceDate "2005.01.01"]
[SourceVersion "1"]
[SourceVersionDate "2005.01.01"]
[SourceQuality "1"]
[WhiteTeam "SK Koenig Plauen"]
[BlackTeam "Dresdner SC 1898"]
[WhiteTeamCountry "GER"]
[BlackTeamCountry "GER"]

1. e4 e5 2. Nc3 Nf6 3. g3 d5 4. exd5 Nxd5 5. Bg2 Nxc3 6. bxc3 Bc5 7. Nf3 Nc6 8.
O-O O-O 9. d3 Bg4 10. h3 Bh5 11. Qe1 Qe7 12. Be3 Bb6 13. Nd2 f5 14. Nc4 Rae8
15. Bxb6 axb6 16. Bxc6 bxc6 17. f4 exf4 18. Qxe7 Rxe7 19. gxf4 Ra8 20. Ne5 c5
21. a3 Ra4 22. d4 cxd4 23. cxd4 Re8 24. c3 Rea8 25. Kf2 Rxa3 26. Rxa3 Rxa3 27.
Rc1 h6 28. Ke3 Ra2 29. Re1 Rh2 30. d5 Rxh3+ 31. Kd4 Rh2 32. Nc6 Re2 33. Rxe2
Bxe2 34. Ke5 h5 35. Ne7+ Kf7 36. Nxf5 g6 37. Nh4 Bg4 38. Ng2 Bf3 39. Nh4 Bh1
40. c4 c6 41. d6 c5 42. Nxg6 Bc6 43. f5 b5 44. cxb5 Bxb5 45. Kf4 c4 46. Ne5+
Ke8 47. f6 c3 48. f7+ Kf8 49. Kf5 Kg7 50. Ke6 c2 51. Ke7 1-0

[Event "Bundesliga 9900"]
[Site "Deutschland"]
[Date "2000.01.08"]
[Round "7"]
[White "Sandner, Gunter"]
[Black "Lanka, Zigurds"]
[Result "1/2-1/2"]
[WhiteElo "2361"]
[BlackElo "2503"]
[PlyCount "113"]
[EventDate "1999.10.09"]
[EventType "team"]
[EventRounds "15"]
[EventCountry "GER"]
[SourceTitle "Bundesliga 9900"]
[Source "DeepChess"]
[SourceDate "2005.01.01"]
[SourceVersion "1"]
[SourceVersionDate "2005.01.01"]
[SourceQuality "1"]
[WhiteTeam "SK Koenig Plauen"]
[BlackTeam "Dresdner SC 1898"]
[WhiteTeamCountry "GER"]
[BlackTeamCountry "GER"]

1. d4 Nf6 2. Nf3 g6 3. g3 Bg7 4. Bg2 O-O 5. O-O d6 6. c4 Nc6 7. Nc3 a6 8. b3
Rb8 9. Nd5 Nh5 10. Bb2 f5 11. Qd2 e6 12. Nc3 Ne7 13. a4 Nf6 14. Rfe1 Bd7 15.
Qd3 Nc6 16. e4 Nb4 17. Qd2 Nxe4 18. Nxe4 fxe4 19. Rxe4 a5 20. Ng5 Qf6 21. Rf4
Qe7 22. Rxf8+ Rxf8 23. Re1 Qf6 24. Bc3 Kh8 25. f4 h6 26. Nf3 Bc6 27. Bxb4 axb4
28. d5 exd5 29. cxd5 Bd7 30. Qxb4 Bg4 31. Qc4 Bxf3 32. Bxf3 g5 33. Re4 Qb2 34.
Re2 Qa1+ 35. Kg2 gxf4 36. gxf4 Bf6 37. Kh3 Qf1+ 38. Bg2 Qb1 39. Qe4 Qxe4 40.
Rxe4 Kg7 41. Bf3 Kg6 42. Bg4 c6 43. Rb4 cxd5 44. Bf3 Bc3 45. Rxb7 Rxf4 46. Bxd5
Rd4 47. Rb5 Kf5 48. Kg3 Rd3+ 49. Bf3+ Be5+ 50. Kf2 Kf4 51. Rb4+ Bd4+ 52. Ke2
Re3+ 53. Kd2 Ke5 54. Rb5+ Kf4 55. Rb4 Ke5 56. Rb5+ Kf4 57. Rb4 1/2-1/2

[Event "Bundesliga 9900"]
[Site "Deutschland"]
[Date "2000.01.08"]
[Round "7"]
[White "Schaller, Sven"]
[Black "Borriss, Martin"]
[Result "1/2-1/2"]
[WhiteElo "2308"]
[BlackElo "2440"]
[PlyCount "99"]
[EventDate "1999.10.09"]
[EventType "team"]
[EventRounds "15"]
[EventCountry "GER"]
[SourceTitle "Bundesliga 9900"]
[Source "DeepChess"]
[SourceDate "2005.01.01"]
[SourceVersion "1"]
[SourceVersionDate "2005.01.01"]
[SourceQuality "1"]
[WhiteTeam "SK Koenig Plauen"]
[BlackTeam "Dresdner SC 1898"]
[WhiteTeamCountry "GER"]
[BlackTeamCountry "GER"]

1. d4 Nf6 2. c4 g6 3. Nc3 Bg7 4. e4 d6 5. Nf3 O-O 6. Be2 e5 7. O-O Nc6 8. d5
Ne7 9. b4 a5 10. Ba3 Nh5 11. c5 Nf4 12. Nd2 Nxe2+ 13. Qxe2 axb4 14. Bxb4 f5 15.
cxd6 cxd6 16. Nc4 Ra6 17. Nb5 fxe4 18. Ncxd6 Nxd5 19. Rad1 Be6 20. Nxe4 Rf4 21.
Nbc3 Qb6 22. Nxd5 Bxd5 23. Rxd5 Qxb4 24. Nc5 Ra8 25. Ne6 Rf7 26. Nxg7 Kxg7 27.
Qxe5+ Kg8 28. Qe6 Qe7 29. Qxe7 Rxe7 30. Rd2 b5 31. g3 Rea7 32. Rb1 Rxa2 33.
Rxa2 Rxa2 34. Rxb5 h5 35. Kg2 Kg7 36. h3 Ra3 37. g4 hxg4 38. hxg4 Kf6 39. Rb6+
Kg5 40. f3 Ra1 41. Kg3 Rg1+ 42. Kf2 Ra1 43. Rc6 Rb1 44. Ra6 Rc1 45. Ra5+ Kf4
46. Ra4+ Kg5 47. Re4 Ra1 48. Rb4 Rc1 49. Ke2 Rc3 50. Kf2 1/2-1/2

[Event "Bundesliga 9900"]
[Site "Deutschland"]
[Date "2000.01.08"]
[Round "7"]
[White "Uhlmann, Wolfgang"]
[Black "Kuraszkiewicz, Michael"]
[Result "1-0"]
[WhiteElo "2482"]
[BlackElo "2337"]
[PlyCount "109"]
[EventDate "1999.10.09"]
[EventType "team"]
[EventRounds "15"]
[EventCountry "GER"]
[SourceTitle "Bundesliga 9900"]
[Source "DeepChess"]
[SourceDate "2005.01.01"]
[SourceVersion "1"]
[SourceVersionDate "2005.01.01"]
[SourceQuality "1"]
[WhiteTeam "Dresdner SC 1898"]
[BlackTeam "SK Koenig Plauen"]
[WhiteTeamCountry "GER"]
[BlackTeamCountry "GER"]

1. c4 d6 2. d4 f5 3. Nf3 Nf6 4. b3 g6 5. Bb2 Bg7 6. Nbd2 O-O 7. e3 e6 8. Bd3
Nbd7 9. e4 fxe4 10. Nxe4 Nxe4 11. Bxe4 Nf6 12. Bd3 Nh5 13. g3 c5 14. O-O Qf6
15. Be2 cxd4 16. Bxd4 e5 17. Be3 Bh3 18. Re1 h6 19. Qd5+ Qf7 20. Qxf7+ Rxf7 21.
Rad1 Rd7 22. Nh4 g5 23. Bxh5 gxh4 24. g4 Rf8 25. Bc5 Rf4 26. Rxd6 Bxg4 27. Bxg4
Rxg4+ 28. Kf1 Rf7 29. Bxa7 h3 30. Rd3 b5 31. Bc5 bxc4 32. Rxh3 cxb3 33. axb3
Kh7 34. b4 Rc4 35. Rhe3 Rc2 36. R3e2 Rc3 37. Rb1 Rb7 38. Rbb2 Kg6 39. Rec2 Rxc2
40. Rxc2 Kf5 41. Rb2 e4 42. Rb3 Be5 43. h3 Bf4 44. b5 Ke5 45. Ke2 Kd5 46. Be3
Bg5 47. b6 Bd8 48. Rb4 Bg5 49. Bxg5 hxg5 50. Ke3 Kc5 51. Rb2 Kd5 52. Rb5+ Kc4
53. Rxg5 Rxb6 54. Kxe4 Rb1 55. h4 1-0